000 00773nam a2200217 a 4500
005 20151124102910.0
008 140221b1999 ck ||||| |||| 00| 0 spa d
040 _aCO-BoIAVH
_cCO-BoIAVH
041 _aspa
044 _ack
090 _aLB
_b00624
110 _bInstituto de Hidrología, Meteorología y Estudios Ambientales
_942832
245 _aDesarrollo del actual fenómeno cálido del Pacífico 1997-1998, su efecto hidroclimático sobre el país, impactos socioeconómicos y proyecciones sobre el posible efecto climático en los próximos años
260 _aBogotá
_bIDEAM
_c1998
300 _a55 p.
650 _aFenómeno de El Niño
_93883
650 _aClima
_942833
650 _aImpacto socioeconómico
_95365
662 _aColombia
942 _cINFORME
_2z
999 _c640
_d640